Entre hermenéuticas /
Estudio que da cuenta del desarrollo de la hermenéutica y sus enfoques, a partir del análisis de textos de algunos pensadores representativos de esta disciplina: Heráclito, Guillermo de Humboldt, Nietzsche, Dilthey, Heidegger, Gadamer, Ricoeur, Derrida y María Zambrano.
Guardat en:
| Autor principal: | |
|---|---|
| Altres autors: | , |
| Format: | Llibre |
| Idioma: | espanyol |
| Publicat: |
México :
UNAM, Facultad de Filosofía y Letras,
2004, c2004
|
| Col·lecció: | (Cátedras)
|
| Matèries: | |
| Etiquetes: |
Sense etiquetes, Sigues el primer a etiquetar aquest registre!
|
MARC
| LEADER | 00000nam^a2200000^a^4500 | ||
|---|---|---|---|
| 001 | 000174129 | ||
| 005 | 20250521000000.0 | ||
| 009 | 20260526125823.212 | ||
| 020 | |a 970-32-1431-2 | ||
| 037 | |a Acervo ITESO - Biblioteca | ||
| 041 | |a ESP | ||
| 082 | |a 121. 68 |b GON | ||
| 100 | |a González Valerio, María Antonia |e (coordinación) | ||
| 245 | 1 | 0 | |a Entre hermenéuticas / |c Coord. de M.A. González Valerio, G. Rivara Kamaji, P. Rivero Weber. |
| 264 | 4 | |a México : |b UNAM, Facultad de Filosofía y Letras, |c 2004, c2004 | |
| 300 | |a 196 p. | ||
| 336 | |a texto |b txt |2 rdacontenido | ||
| 337 | |a sin mediación |b n |2 rdamedio | ||
| 338 | |a volumen |b nc |2 rdasoporte | ||
| 440 | 1 | |a (Cátedras) | |
| 520 | |a Estudio que da cuenta del desarrollo de la hermenéutica y sus enfoques, a partir del análisis de textos de algunos pensadores representativos de esta disciplina: Heráclito, Guillermo de Humboldt, Nietzsche, Dilthey, Heidegger, Gadamer, Ricoeur, Derrida y María Zambrano. | ||
| 649 | |a XX | ||
| 650 | |a Hermenéutica - |x Historia y Crítica | ||
| 650 | |a Filosofía del Lenguaje | ||
| 650 | |a Filosofía del Siglo XX | ||
| 650 | |a Filosofía - |x Historia y Crítica | ||
| 700 | |a Rivara Kamaji, Greta |e (coordinación) | ||
| 700 | |a Rivero Weber, Paulina |e (coordinación) | ||
| 910 | |a Fondo General | ||
| 920 | |a Impresos - Libros | ||
| 930 | |a Colección General | ||
| 905 | |a 101 | ||
| 901 | |a 0500111944 |b IT1 |c ACC |u 20250521 | ||
| 902 | |a https://opac.biblio.iteso.mx/vufind/Record/000174129 | ||